Lawrence de Arabia

Gespeichert in:
Bibliographische Detailangaben
1. Verfasser: Ocampo, Victoria
Format: Buch
Sprache:Undetermined
Veröffentlicht: Madrid, España Editorial Aguilar 1951
Schlagworte:
Tags: Tag hinzufügen
Keine Tags, Fügen Sie den ersten Tag hinzu!

MARC

LEADER 00000nam a2200000Ia 4500
008 170316s9999 xx 000 0 und d
040 |a cru BVZT 
090 |a 860 O-1L 
100 |a Ocampo, Victoria 
245 |a Lawrence de Arabia 
260 |a Madrid, España 
260 |b Editorial Aguilar 
260 |c 1951 
300 |a 550 páginas 
650 |a LITERATURA LATINOAMERICANA 
999 |c 9033  |d 9033 
942 |c 15 D  |h 860 O-1L  |2 z